000
00312nam a22001217a 4500
041
_a
ENG
100
_a
Chakravarty .A
245
_a
Question Papers Agricultural Research Service Examination 1992
260
_a
Delhi
_b
ICAR
_c
1992
300
_a
316
650
_a
Competitlve Exam
856
_u
Competitlve Exam ( 36 )
999
_c
921
_d
921